000 00608nmm a2200229 a 4500
003 AR-BaBNM
005 20251128211415.0
008 184020s1986 ||||||||||||||000 | spa||
020 _a950-19-0277-3
040 _cAR-BaBNM
100 1 _aBach, Richard
245 1 0 _aJuan Salvador Gaviota
260 _aBuenos Aires
_bCírculo de Lectores
_c1986
300 _a93 p.
_bfot.
650 4 _aLITERATURA ESTADOUNIDENSE
655 _aLITERATURA
700 1 _aHowell, Carol
_etraductor
700 1 _aHowell, Frederick
_etraductor
700 1 _aMunson, Russell
_efotógrafo
942 _cBK
998 _cEugenia
999 _c19552
_d19552